Première Guerre Mondiale (2) - Statistiques

Statistiques générales
  • Ce quiz a été pris 53 fois
  • Le résultat moyen est 4 sur 19
Statistiques - réponses
Événement Dates % Correct
Attentat de Sarajevo 28 juin 1914
80%
Armistice 11 novembre 1918
67%
Traité de Versailles 28 juin 1919
50%
Début de la guerre Août 1914
48%
Bataille de la Marne Septembre 1914
35%
Assassinat de Jean Jaurès 31 juillet 1914
30%
Génocide arménien 1915-1916
28%
Grèves à l’arrière Avril 1917
17%
Bataille de Verdun Février-Décembre 1916
15%
Déclaration de guerre des États-Unis 6 avril 1917
13%
Révolutions russes Février-Octobre 1917
13%
Traité de Brest-Litovsk 3 mars 1918
11%
Bataille de la Somme Juillet-Novembre 1916
9%
Première utilisation d’un gaz toxique 22 avril 1915
7%
L’Italie déclare la guerre à l’Allemagne 23 mai 1915
7%
Torpillage du Lusitania par les allemands 7 mai 1915
4%
Début de la bataille d’opposition Début 1915
4%
Bataille du chemin des Dames 16 avril 1917
0%
Début des mutineries Printemps 1917
0%
Aucun quiz correspondant
Distribution des résultats
% des personnes avec chaque résultat
Percentile par nombre de réponses
Votre historique - résultats
Vous n’avez pas pris ce quiz